ويرد 6 العربي / (Record no. 1367)

MARC details
000 -LEADER
fixed length control field 00529nam a22001937a 4500
005 - DATE AND TIME OF LATEST TRANSACTION
control field 20251108164017.0
008 - FIXED-LENGTH DATA ELEMENTS--GENERAL INFORMATION
fixed length control field 250721s1996 xx 000 0 ara d
082 14 - DEWEY DECIMAL CLASSIFICATION NUMBER
Classification number 005.43/منص
100 1# - MAIN ENTRY--PERSONAL NAME
Personal name منصور، عوض
245 10 - TITLE STATEMENT
Title ويرد 6 العربي /
246 11 - VARYING FORM OF TITLE
Title proper/short title microsoft arabic : word 6
264 1# - PRODUCTION, PUBLICATION, DISTRIBUTION, MANUFACTURE, AND COPYRIGHT NOTICE
Place of production, publication, distribution, manufacture اربد :
Name of producer, publisher, distributor, manufacturer دار الأمل،
Date of production, publication, distribution, manufacture, or copyright notice 1996.
300 ## - PHYSICAL DESCRIPTION
Extent 256ص.
650 17 - SUBJECT ADDED ENTRY--TOPICAL TERM
Topical term or geographic name as entry element الحواسيب
650 17 - SUBJECT ADDED ENTRY--TOPICAL TERM
Topical term or geographic name as entry element برامج الحاسوب
700 1# - ADDED ENTRY--PERSONAL NAME
Personal name أبو النور، محمد
942 ## - ADDED ENTRY ELEMENTS (KOHA)
Source of classification or shelving scheme Dewey Decimal Classification
Koha item type Books
Holdings
حالة السحب حالة الفقدان مصدر التصنيف حالة التلف غير قابل للإعارة المكتبة الرئيسية المكتبة الحالية موقع الرف تاريخ التزويد الرقم المتسلسل Total Checkouts رقم الإستدعاء تاريخ آخر ظهور تاريخ الفاتورة نوع المادة (كوها) الباركود
    Dewey Decimal Classification Unchecked   مكتبة الجويدة مكتبة الجويدة الإعارة 06/07/2004 4904   005.43/منص 28/07/2025 06/07/2004 Books  
    Dewey Decimal Classification     مكتبة النصر العامة مكتبة النصر العامة الإعارة 25/09/2014 [7368   005.43/منص 28/07/2025 25/09/2014 Books PLD00307370
    Dewey Decimal Classification     مكتبة صويلح العامة مكتبة صويلح العامة الإعارة 13/05/2015 10354   005.43/منص 28/07/2025 13/05/2015 Books PLD00327949
    Dewey Decimal Classification Unchecked   مكتبة وادي السير العامة مكتبة وادي السير العامة الإعارة 06/07/2004 5715   005.43/منص 28/07/2025 06/07/2004 Books  
Implemented & Customized by: BBB with SCIT (Smart Chains for Information Technology)

Powered by Koha